It comes with the territory (Record no. 81193)

MARC details
000 -LEADER
fixed length control field 00986cab a22002415a 4500
001 - CONTROL NUMBER
control field L146594
008 - FIXED-LENGTH DATA ELEMENTS--GENERAL INFORMATION
fixed length control field 090206e20090131xxka f g 000 0 eng d
035 ## - SYSTEM CONTROL NUMBER
System control number (Sirsi) u146594
041 0# - LANGUAGE CODE
Language code of text/sound track or separate title eng
100 1# - MAIN ENTRY--PERSONAL NAME
Personal name Dawson, Monica
245 00 - TITLE STATEMENT
Title It comes with the territory
260 ## - PUBLICATION, DISTRIBUTION, ETC.
Date of publication, distribution, etc. 2009
490 ## - SERIES STATEMENT
Series statement Estates Gazette
Volume/sequential designation (0904) 31 January 2009, 112-113(2)
520 ## - SUMMARY, ETC.
Summary, etc. Mainly for students article looks at the difficulties faced by developers when trying to develop listed buildings. Discusses recent case history, the delisting of properties and common problems faced by developers.
590 ## - LOCAL NOTE (RLIN)
Local note KA
650 24 - SUBJECT ADDED ENTRY--TOPICAL TERM
Topical term or geographic name entry element CHANDLER V SOS COMMUNITIES AND ANOR
650 24 - SUBJECT ADDED ENTRY--TOPICAL TERM
Topical term or geographic name entry element DERBY CC V ANTHONY
650 24 - SUBJECT ADDED ENTRY--TOPICAL TERM
Topical term or geographic name entry element R (ON THE APPLICATION OF BAYRAKTARGOLOU) V SOUTH CAMBRIDGESHIRE DC
650 24 - SUBJECT ADDED ENTRY--TOPICAL TERM
Topical term or geographic name entry element R (ON THE APPLICATION OF EAST RIDING OF YORKSHIRE COUNCIL) V HOBSON
651 #4 - SUBJECT ADDED ENTRY--GEOGRAPHIC NAME
Geographic name England and Wales
Chronological subdivision 1543-
690 ## - LOCAL SUBJECT ADDED ENTRY--TOPICAL TERM (OCLC, RLIN)
Topical term or geographic name as entry element PROPERTY-RESIDENTIAL PROPERTY-RESIDENTIAL PROPERTY DEVELOPMENT
942 ## - ADDED ENTRY ELEMENTS (KOHA)
Suppress in OPAC 0
Holdings
Withdrawn status Lost status Source of classification or shelving scheme Damaged status Not for loan Home library Current library Shelving location Date acquired Total Checkouts Full call number Barcode Date last seen Copy number Price effective from Koha item type
    Dewey Decimal Classification     London London Journal article 06/02/2009   L146594 146594-1001 06/08/2019 1 06/08/2019 Journal article